00247nam a2200085Ia 4500008004100000100002500041245005300066260003400119300000800153201223s9999 xx 000 0 und d aR de Souza, Teotonio 0aGoa through the ages Vol. II An economic history aNew DelhibConcept Publishing a312